000
00310nam a2200121Ia 4500
005
20251222143253.0
008
251222s9999||||xx |||||||||||||| ||spa||
082
_a
331.11/K21
100
_a
Kantorovitch, L. V.
245
0
_a
La Asignación Óptima de los Recursos Económicos
264
_b
Ariel
942
_c
LIB
999
_c
15018
_d
15018